El niño que vivía en las estrellas / (Registro nro. 6828)
[ vista simple ]
| 000 -LEADER | |
|---|---|
| fixed length control field | 00897nam a22002657a 4500 |
| 003 - CONTROL NUMBER IDENTIFIER | |
| control field | OSt |
| 005 - DATE AND TIME OF LATEST TRANSACTION | |
| control field | 20250711160557.0 |
| 008 - FIXED-LENGTH DATA ELEMENTS--GENERAL INFORMATION | |
| fixed length control field | 200909b1996 ar a|||br|||| 00| 0 spa d |
| 020 ## - INTERNATIONAL STANDARD BOOK NUMBER | |
| International Standard Book Number | 8420444294 |
| 040 ## - CATALOGING SOURCE | |
| Original cataloging agency | CO-JMCR |
| Transcribing agency | CO-JMCR |
| 041 0# - LANGUAGE CODE | |
| Language code of text/sound track or separate title | spa |
| 082 04 - DEWEY DECIMAL CLASSIFICATION NUMBER | |
| Classification number | N |
| Item number | SIEn |
| Edition number | 23 |
| 100 1# - MAIN ENTRY--PERSONAL NAME | |
| Personal name | Sierra i Fabra, Jordi, |
| Relator term | autor |
| 9 (RLIN) | 8336 |
| 245 13 - TITLE STATEMENT | |
| Title | El niño que vivía en las estrellas / |
| Statement of responsibility, etc. | Jordi Sierra i Fabra ; ilustraciones de Carme Solé |
| 260 ## - PUBLICATION, DISTRIBUTION, ETC. | |
| Place of publication, distribution, etc. | Argentina : |
| Name of publisher, distributor, etc. | Alfaguara, |
| Date of publication, distribution, etc. | 1996. |
| 300 ## - PHYSICAL DESCRIPTION | |
| Extent | 112 páginas : |
| Other physical details | ilustraciones a blanco y negro ; |
| Dimensions | 20 cm. |
| 490 1# - SERIES STATEMENT | |
| Series statement | Alfaguara infantil |
| 500 ## - GENERAL NOTE | |
| General note | Datos biográficos del autor en tapa posterior. |
| 505 0# - FORMATTED CONTENTS NOTE | |
| Formatted contents note | El niño perdido. -- La investigación |
| 521 ## - TARGET AUDIENCE NOTE | |
| Target audience note | Desde los 12 años. |
| Source | Lomo. |
| 650 24 - SUBJECT ADDED ENTRY--TOPICAL TERM | |
| Topical term or geographic name entry element | Psiquiatras |
| 9 (RLIN) | 10001 |
| 650 24 - SUBJECT ADDED ENTRY--TOPICAL TERM | |
| Topical term or geographic name entry element | Vida en otros planetas |
| 9 (RLIN) | 1680 |
| 700 1# - ADDED ENTRY--PERSONAL NAME | |
| Personal name | Solé, Carme, |
| Relator term | ilustradora |
| 9 (RLIN) | 10002 |
| 942 ## - ADDED ENTRY ELEMENTS (KOHA) | |
| Source of classification or shelving scheme | Dewey Decimal Classification |
| Koha item type | Books |
| Withdrawn status | Lost status | Source of classification or shelving scheme | Damaged status | Not for loan | Home library | Current library | Shelving location | Date acquired | Source of acquisition | Total Checkouts | Full call number | Barcode | Date last seen | Date last checked out | Copy number | Price effective from | Koha item type | Public note |
|---|---|---|---|---|---|---|---|---|---|---|---|---|---|---|---|---|---|---|
| Dewey Decimal Classification | Biblioteca Pública José María del Castillo y Rada | Biblioteca Pública José María del Castillo y Rada | General Stacks | 04/15/2018 | Donación | 2 | N SIEn | 201809831 | 03/31/2026 | 03/31/2026 | Ej.1 | 09/09/2020 | Books | Exlibris: sticker en ultima página, material deteriorado. |